| 000 | 00791nam a2200241Ia 4500 | ||
|---|---|---|---|
| 003 | GCL | ||
| 008 | 140319s9999 xx 000 0 ara d | ||
| 040 |
_aGCL / _cGCL |
||
| 082 | 0 | 4 |
_a001.5 _bع د |
| 100 | 1 | _aعبدالعزيز شرف | |
| 245 | 1 | 0 |
_aدراسات تطبيقية حول التفسير الاعلامى الحديث / _cعبدالعزيز شرف |
| 250 | _aالاولى | ||
| 260 |
_aبيروت : _bدار الجيل ، _c1991 |
||
| 300 |
_a254+24ص ؛ _c24سم |
||
| 650 | 0 | 4 | _aالشعر العربى |
| 650 | 0 | 4 | _aالامثال العربية |
| 650 | 0 | 4 | _aالاعلام |
| 650 | 0 | 4 | _aالمسرح العربى |
| 650 | 0 | 4 | _aالاتصال الجماهيرى |
| 650 | 0 | 4 | _aالاعلام الاقليمى |
| 650 | 0 | 4 | _aادب النساء |
| 942 |
_2ddc _cBK |
||
| 999 |
_c52821 _d52821 |
||